000 04716nab a22007817 4500
003 AR-RoUNA
022 _a0327-9022
040 _aAR-RoUNA
_bspa
041 _aspa
044 _aag
245 _aSumma+ /
_bInfraestructura Urbana y Espacio Público
260 _aBuenos Aires ,
_c1993
300 _a144 p. :
_bil. byn.
_bplanos
_c34 X25 cm.
505 0 _tINDICE
505 0 _aMartín Di Peco / ¿Qué tán público es nuestro espacio?. p. 4
505 0 _tEFECTO BÚMERAN
505 0 _aEnrique Norten - Ten arqs. / Paseo de las ilusiones, Tabasco, México, 2011. p. 6
505 0 _aSilvana Codina / El molino, fábrica cultural. p. 14
505 0 _aUnidad de proyectos especiales del Ministerio de Obras Públicas y Vivienda.Gobierno de la Provincia de Santa Fe / El Molino, fábrica cultural, 2010. p. 14
505 0 _tEJE CÍVICO
505 0 _aMachado and Silvetti assoc. / Nuevo edificio cívico y plaza de veteranos en Silver Spring, Maryland, Estados Unidos, 2010. p. 22
505 0 _tGODZILLA IBÉRICO
505 0 _aMIS arqs + PKMN arc. / Teruel-Zilla! / Guarida subterránea de ocio y espacio público, Teruel, España, 2011. p. 30
505 0 _aArtemio Pedro Abba / Uso de suelo y transporte en la Buenos Aires metropolitana: análisis comparado con México D.F. y San Pablo. p. 38
505 0 _tPUERTA DEL SUR
505 0 _aRafael Viñoly arch PC / Nueva terminal del aeropuerto internacional de Carrasco, Montevideo, Uruguay, 2009. p. 42
505 0 _aLourdes Cruz González Franco / Latina y moderna. p. 48
505 0 _aSerrano arqs y asoc S.C / Terminal 2, aeropuerto internacioal Benito Juárez de la ciudad de México, D.F, 2007. p. 48
505 0 _tMÚLTIPLE DESDE VARIAS PERSPECTIVAS
505 0 _aHerzog & De Meuron / 1111 Lincoln Road, Florida, Estados Unidos, 2010. p. 54
505 0 _tARTIFICIO NATURAL
505 0 _aHampton+Rivoira+arqs. / Estación de Servicio YPF Nordelta, Tigre, 2011. p. 64
505 0 _tRITMO PLEGADIZO
505 0 _aMatheus Gorovitz, arq. / Estación de Servicio 2001, Universidad de Brasilia (UNB), Brasil, 1998. p. 70
505 0 _aVíctor Belbamar Diniz / Joäo Luís Carrilho Da Graça + AFA, Covilhä, Portugal, 2009. p. 76
505 0 _aFernando Diez / Plan Urbano Rosario 2007 - 2017. p. 84
505 0 _aCarolina Corti y Soledad Soria / Ingenios Espaciales. p. 94
505 0 _aA77 / Centro Cultural Nómade, itinerante, 2011. p. 96
505 0 _aGalpón Estudio / Juegos sonoros, Tecnópolis, CABA, 2012. p. 97
505 0 _aEduardo Castillo / YAP_Constructo (Young architects program Sombras & Color ), Santiago de Chile, 2010. p. 98
505 0 _aAndrés Jaque architets & The office for political innovation / Infraestructuras agrosociales móviles y permanentes para el cultivo de ciudadanías con vos propia, itinerante, 2012. p. 99
505 0 _aICD - ITKE / Pabellón de investigación, Stuttgart, Alemania, 2011. p. 100
505 0 _aAl Borde / Espacio de experimentación teatral, itinerante, 2010. p. 101
505 0 _aProductora / Biblioteca móvil alumnos 47, México, DF, 2012. p. 102
505 0 _aRaumlabor Berlín / Space Buster II, Nueva York, Estados Unidos, 2011. p. 103
505 0 _aSoledad Soria / CASA FOA 2012, Edición alpargatas. p. 104
505 0 _tPROYECTO JAPÓN. HABLA EL METABOLISMO: project Japan, metabolism talks. p. 113
505 0 _aRem Koolhaas / Movimiento (1)
505 0 _aHans Ulrich Obrist / Movimiento (2). p. 115
505 0 _aArata Isozaki. p. 116
505 0 _a1965-1985 TANGE Y LOS METABOLISTAS: actividades en todo el mundo. p. 118
505 0 _aArata Isozaki, 1962 / Demolición de la ciudad S.A. p. 128
505 0 _tPARQUE DEL BICENTENARIO
505 0 _aParque del Bicentenario / Promotor, Presidencia de la Nación / Secretaría General de la Presidencia / Unidad Ejecutra Bicentenario, Villa Martelli, 2013. p. 129
505 0 _aFernando Diez / Latitudes trans-americanas. p. 132
505 0 _aIgnacio Ros De Olano / Ciudad Universitaria de la UNAM en papel. p. 133
505 0 _aRuth Verde Zein / Paradigma Paulista. p. 134
505 0 _aRafael E.J. Iglesia / El faro de Sant Domingo. p. 136
505 0 _aRoberto Fernández / Materia y concepto: nuevas notas sobre el viejo dilema argentino entre lo concreto y lo abstracto. p. 141
505 0 _aMario Sabugo / La mejor de todas. p. 142
505 0 _aRoberto Segre / Rio+20: un fugaz Pompidou. p. 144
650 _aArquitectura contemporánea
773 0 _aSumma+
_dBuenos Aires, Argentina
_gNº125 (oct-2012), p. 144
_x0327-9022
908 _aImp
942 _2udc
_cART
945 _aMBP
_d2022-07-08
980 _8138
_gCarolina Rainero
_6138
_aCarolina Rainero
999 _c12265
_d12265